00512nam a2200181 a 450000100060000000300080000600500170001400800410003103500190007204000270009104100080011808200180012610000370014424500550018126000320023630000330026860000290030131148BD-RjUL20211209051651.0140413s1954 stkachj b 001 0 eng d a(BD-RjUL)31235 aDLCbengcDLCdBD-RjUL aeng00a192bMOL 19541 aMossner, Ernest Campbell,d1907-14aThe life of David Hume /cErnest Campbell Mossner. aEdinburgh :bNelson,c1954. axx, 683 p. :bill. ;c25 cm.10aHume, David,d1711-1776.